| 000 | 00532nam a2200169Ia 4500 | ||
|---|---|---|---|
| 008 | 090711s9999 xx 000 0 und d | ||
| 082 | _b1047 | ||
| 100 | _aकानसकर किसन | ||
| 245 | _aअंधार काजवा | ||
| 260 |
_bशांती पब्लिकेशन्स _c1998 |
||
| 300 | _a160 | ||
| 600 | _aकानसकर किसन | ||
| 630 | _aअंधार काजवा | ||
| 700 | _aकानसकर किसन | ||
| 730 | _aअंधार काजवा | ||
| 942 | _cBOOK | ||
| 999 |
_c333888 _d333888 |
||